[Event "Accession A 2012/2013"]
[Site "Vitrolles"]
[Date "2013.02.02"]
[Round "7"]
[White "Urcun, Gael"]
[Black "Colandrea, Sauveur"]
[Result "1-0"]
[WhiteElo "1689"]
[BlackElo "1817"]
[PlyCount "80"]

1. e4 e5 2. Bc4 Nf6 3. d3 Nc6 4. Nc3 Be7 5. f4 d6 6. Nf3 Bg4 7. h3 Bxf3 8. Qxf3
Nd4 9. Qf2 c6 10. Be3 Nh5 11. O-O-O Bh4 12. g3 Nxg3 13. Qg2 d5 14. exd5 b5 15.
Bb3 Nxh1 16. Rxh1 Nxb3+ 17. axb3 b4 18. Ne4 O-O 19. dxc6 f5 20. Nc5 Rf7 21.
fxe5 f4 22. Ne6 Qe7 23. Nxf4 Qxe5 24. Nd5 Rd8 25. c7 Rc8 26. Bxa7 Qd6 27. Bb8
h5 28. Rg1 Qe5 29. Qe4 Qh2 30. Qg2 Qd6 31. Qe4 Qh2 32. Rd1 Qxh3 33. Nb6 Rfxc7
34. Bxc7 Rxc7 35. Qe8+ Kh7 36. Qxh5+ Kg8 37. Qe8+ Kh7 38. Qe4+ Kg8 39. Rh1 Bg5+
40. Kb1 Qg3 1-0

[Event "Accession A 2012/2013"]
[Site "Vitrolles"]
[Date "2013.02.02"]
[Round "7"]
[White "Bertrand, Alexandre"]
[Black "Estevez, Ange"]
[Result "1-0"]
[WhiteElo "1744"]
[BlackElo "1628"]
[PlyCount "63"]

1. e4 e5 2. Nf3 Nc6 3. Bb5 a6 4. Ba4 Nf6 5. O-O b5 6. Bb3 Be7 7. Re1 O-O 8. c3
d5 9. exd5 e4 10. dxc6 exf3 11. d4 Bg4 12. gxf3 Bh5 13. Bf4 Bd6 14. Bg3 Re8 15.
Nd2 Bxg3 16. hxg3 Qd6 17. Bc2 Rxe1+ 18. Qxe1 Re8 19. Qf1 Qxc6 20. g4 Bg6 21.
Bxg6 hxg6 22. Re1 Nd5 23. Rxe8+ Qxe8 24. Ne4 Nf4 25. Qe1 Kf8 26. Qd2 Nd5 27.
Nc5 f5 28. gxf5 gxf5 29. Qg5 Qe1+ 30. Kg2 Qe7 31. Qxf5+ Nf6 32. Qe6 1-0

[Event "Accession A 2012/2013"]
[Site "Vitrolles"]
[Date "2013.03.09"]
[Round "8"]
[White "Montanelli, Tristan"]
[Black "Valette, Patrick"]
[Result "1/2-1/2"]
[WhiteElo "1678"]
[BlackElo "1780"]
[PlyCount "133"]

1. c4 b6 2. d4 e6 3. Nc3 Bb7 4. e4 Bb4 5. Bd3 f5 6. Qe2 Nf6 7. Bg5 fxe4 8. Bxf6
Qxf6 9. Bxe4 Bxe4 10. Qxe4 O-O 11. Nf3 Nc6 12. O-O Bxc3 13. bxc3 Qf4 14. Qe2
Rf5 15. Rae1 Raf8 16. Qc2 Rh5 17. Re4 Qh6 18. Qd2 Qf6 19. Qe2 h6 20. Ne5 Nxe5
21. Qxh5 Nxc4 22. Qe2 b5 23. Rd1 c6 24. Rd3 Qe7 25. d5 Nd6 26. Rg4 Nb7 27. Re3
cxd5 28. Qxb5 Nc5 29. Qb1 Ne4 30. f3 Qc5 31. Qd3 Nf6 32. Rf4 e5 33. Rf5 d6 34.
h3 Qa3 35. Re2 g6 36. Rxf6 Rxf6 37. Qxd5+ Kg7 38. Qb3 Qc1+ 39. Kf2 Qf4 40. Qb7+
Rf7 41. Qd5 Qh4+ 42. Kf1 Qe7 43. Re4 h5 44. Rb4 Qc7 45. Rc4 Qb8 46. Rc6 Rd7 47.
h4 Qb7 48. Qc4 d5 49. Qc5 Qb1+ 50. Kf2 Qxa2+ 51. Kg3 Qc4 52. Qxc4 dxc4 53. Rxc4
Kf6 54. Rc6+ Kf5 55. Rc5 Ke6 56. Rc6+ Rd6 57. Rc7 a6 58. c4 Rd4 59. Rc6+ Rd6
60. Rc8 Rd4 61. Rg8 Kf7 62. Ra8 Rxc4 63. Rxa6 Rc3 64. Kf2 Rc2+ 65. Kg1 Rc4 66.
Kh2 e4 67. Ra3 1/2-1/2

[Event "Accession A 2012/2013"]
[Site "Vitrolles"]
[Date "2013.03.09"]
[Round "8"]
[White "Derien, Robert"]
[Black "Tchifteyan, Philippe"]
[Result "0-1"]
[WhiteElo "1676"]
[BlackElo "1671"]
[PlyCount "118"]

1. e4 c5 2. Nf3 Nc6 3. Bc4 e6 4. c3 Nf6 5. e5 Nd5 6. d4 Nb6 7. Bb3 c4 8. Bc2
Nd5 9. Nbd2 b5 10. Ne4 d6 11. exd6 Bxd6 12. Nxd6+ Qxd6 13. O-O Bb7 14. Re1 Nf6
15. Bg5 Ne7 16. Re5 Ng4 17. Be4 Nxe5 18. Bxb7 Nxf3+ 19. Qxf3 Rd8 20. Bxe7 Kxe7
21. Re1 f6 22. Qg4 g6 23. h4 Kf7 24. h5 Rb8 25. Bf3 a5 26. a3 b4 27. Qe4 bxc3
28. bxc3 Rb3 29. a4 Rhb8 30. Qe3 Rb1 31. g3 Rxe1+ 32. Qxe1 Rb3 33. Qe3 g5 34.
h6 Kg6 35. Be2 Qc6 36. Bf3 Qc8 37. g4 Kxh6 38. Be4 Kg7 39. Qh3 Qg8 40. Qg3 Qf7
41. Qf3 Ra3 42. Bc6 f5 43. Qe3 Qf6 44. Kg2 fxg4 45. Qd2 h5 46. Qb2 Rb3 47. Qc2
h4 48. Be4 h3+ 49. Kg1 Ra3 50. Qb2 Rb3 51. Qc2 Qh6 52. Kh2 Qf6 53. Kg1 {
3ème répétition de la position (voir après le 49ème et le 51ème coup des
Blancs) : Les Blancs auraient pu réclamer la nulle en inscrivant leur 53ème
coup sur la feuille de partie, mais sans le jouer sur l'échiquier.} Rb8 54. Qe2
Rf8 55. Qc2 g3 56. f3 g4 57. Qd2 gxf3 58. Bxf3 Qxf3 59. Qg5+ Kf7 0-1

[Event "Accession A 2012/2013"]
[Site "Vitrolles"]
[Date "2013.03.09"]
[Round "8"]
[White "Estevez, Ange"]
[Black "Colandrea, Sauveur"]
[Result "1/2-1/2"]
[WhiteElo "1618"]
[BlackElo "1784"]
[PlyCount "127"]

1. e4 d6 2. d4 Nf6 3. Nc3 Nbd7 4. f4 e5 5. fxe5 dxe5 6. dxe5 Nxe5 7. Qxd8+ Kxd8
8. Bg5 c6 9. O-O-O+ Kc7 10. h3 Be6 11. Bf4 Bd6 12. Nge2 Rad8 13. g4 h6 14. Bg2
Nc4 15. Bxd6+ Rxd6 16. Rxd6 Kxd6 17. Nf4 Kc7 18. b3 Ne5 19. Rd1 Rd8 20. Rxd8
Kxd8 21. Nxe6+ fxe6 22. Ne2 Ke7 23. Nf4 Nf7 24. Kd2 e5 25. Nd3 b6 26. c4 Kd6
27. Ke3 h5 28. gxh5 Nxh5 29. Bf3 Nf6 30. b4 c5 31. a3 Nd8 32. bxc5+ bxc5 33.
Ne1 Nc6 34. Nc2 Nh7 35. Kd3 Nf8 36. Bg4 Ng6 37. Ke3 Nf4 38. Kf3 Nd3 39. Ne3 g6
40. Kg3 Nd4 41. h4 Ne1 42. h5 gxh5 43. Bxh5 Nec2 44. Nxc2 Nxc2 45. a4 Nd4 46.
Be8 Ne2+ 47. Kf3 Nd4+ 48. Kf2 Kc7 49. Kg3 Kb6 50. Kg4 a6 51. Bd7 Ka5 52. Kg5
Kb4 53. Kf6 Kxc4 54. Kxe5 Kd3 55. Bc8 a5 56. Ba6+ Kc3 57. Kd5 Kb4 58. e5 Nf5
59. e6 c4 60. Bxc4 Kxa4 61. Bd3 Ng7 62. Bc2+ Kb4 63. Kd6 a4 64. Bxa4 1/2-1/2

[Event "Accession A 2012/2013"]
[Site "Vitrolles"]
[Date "2013.03.09"]
[Round "8"]
[White "Bouillot, Quentin"]
[Black "Urcun, Gael"]
[Result "1-0"]
[WhiteElo "1692"]
[BlackElo "1686"]
[PlyCount "83"]

1. d4 Nf6 2. c4 g6 3. Nc3 Bg7 4. e4 d6 5. Nf3 O-O 6. Bd3 e5 7. O-O Bg4 8. d5
Na6 9. a3 Nc5 10. Bc2 a5 11. Bg5 h6 12. Be3 b6 13. h3 Bh5 14. Bxc5 bxc5 15. Ba4
g5 16. Qd3 g4 17. hxg4 Nxg4 18. Ne2 Bg6 19. Ng3 h5 20. Rab1 h4 21. Nf5 Bf6 22.
Rfe1 Kh7 23. Qd2 Bxf5 24. exf5 Rg8 25. Re4 Qe7 26. Bc2 Rg7 27. Nxh4 Rag8 28.
Ng6 Nh2 29. Kxh2 fxg6 30. fxg6+ Rxg6 31. Rg4 Qf7 32. Qd3 e4 33. Qxe4 Be5+ 34.
Kg1 Bd4 35. Rh4+ Kg7 36. Qxg6+ Qxg6 37. Bxg6 Kxg6 38. Rg4+ Kf7 39. Rxg8 Kxg8
40. g4 Kg7 41. Kg2 a4 42. b3 1-0

[Event "Accession A 2012/2013"]
[Site "Vitrolles"]
[Date "2013.03.23"]
[Round "9"]
[White "Urcun, Gael"]
[Black "Derien, Robert"]
[Result "1-0"]
[WhiteElo "1686"]
[BlackElo "1676"]
[PlyCount "101"]

1. e4 e5 2. Bc4 Nf6 3. d3 c6 4. Nf3 d5 5. Bb3 Bd6 6. Nc3 Be6 7. Bg5 Nbd7 8.
exd5 cxd5 9. Bxd5 Bxd5 10. Nxd5 Qa5+ 11. Nc3 e4 12. dxe4 Nxe4 13. Qd5 Qxd5 14.
Nxd5 Nxg5 15. Nxg5 O-O 16. O-O Rac8 17. c3 Nc5 18. b3 h6 19. Nf3 Rfe8 20. Nd4
Re5 21. c4 Rce8 22. Nf3 Re2 23. Rfe1 Nd3 24. Rxe2 Rxe2 25. Rd1 Rxa2 26. Nc3 Nb2
27. Rb1 Ra6 28. Rxb2 Bb4 29. Na2 Rd6 30. g3 Ba5 31. b4 Bd8 32. Rd2 Rxd2 33.
Nxd2 Bf6 34. Ne4 Be5 35. Nc1 f5 36. Nc5 b6 37. N5d3 Bc3 38. b5 Kf7 39. Kf1 g5
40. Na2 Bf6 41. Nab4 Ke6 42. Nc6 Kd6 43. Nxa7 Kc7 44. Ke2 Kd6 45. Nc6 h5 46.
Ndb4 Bc3 47. Nd5 Ba5 48. Nxa5 bxa5 49. Kd3 Kc5 50. b6 Kc6 51. c5 1-0

[Event "Accession A 2012/2013"]
[Site "Vitrolles"]
[Date "2013.03.23"]
[Round "9"]
[White "Tchifteyan, Philippe"]
[Black "Montanelli, Tristan"]
[Result "1-0"]
[WhiteElo "1671"]
[BlackElo "1678"]
[PlyCount "95"]

1. e4 c5 2. c3 Nf6 3. e5 Nd5 4. d4 Nc6 5. Nf3 cxd4 6. cxd4 e6 7. Bd2 d6 8. Nc3
dxe5 9. dxe5 Bb4 10. Qb3 O-O 11. O-O-O Bxc3 12. Bxc3 Qc7 13. Kb1 a5 14. h4 a4
15. Qc4 b6 16. Rc1 Ba6 17. Qe4 Bxf1 18. Ng5 g6 19. h5 Nxc3+ 20. Rxc3 Qxe5 21.
Qxe5 Nxe5 22. Rxf1 h6 23. Ne4 g5 24. f4 gxf4 25. Rxf4 f5 26. Nf2 Rac8 27. Rxa4
Rxc3 28. bxc3 Rc8 29. Kc2 Rc4 30. Kb3 b5 31. Rxc4 Nxc4 32. Kb4 Nd6 33. Kc5 Ne4+
34. Nxe4 fxe4 35. Kd4 Kf7 36. Kxe4 Kf6 37. Kf4 e5+ 38. Ke4 Kg5 39. Kxe5 Kxh5
40. c4 bxc4 41. Kd4 Kg4 42. a4 Kg3 43. a5 Kxg2 44. a6 h5 45. a7 h4 46. a8=Q+
Kg3 47. Ke3 h3 48. Qg8+ 1-0

[Event "Accession A 2012/2013"]
[Site "Vitrolles"]
[Date "2013.03.23"]
[Round "9"]
[White "Colandrea, Sauveur"]
[Black "Bouillot, Quentin"]
[Result "0-1"]
[WhiteElo "1784"]
[BlackElo "1692"]
[PlyCount "56"]

1. e4 e5 2. Nf3 Nc6 3. d4 exd4 4. Nxd4 Bc5 5. Be3 Qf6 6. c3 Nge7 7. Bc4 Ne5 8.
Be2 Qg6 9. O-O d6 10. Kh1 Ng4 11. Bxg4 Bxg4 12. f3 Bd7 13. Nd2 O-O 14. N2b3 Bb6
15. a4 f5 16. a5 Bxd4 17. Nxd4 fxe4 18. Qb3+ d5 19. c4 c5 20. Qxb7 cxd4 21.
Bxd4 Qc6 22. a6 Rfb8 23. Qxc6 Nxc6 24. Bc5 exf3 25. Bd6 fxg2+ 26. Kxg2 Rxb2+
27. Kh1 dxc4 28. Ra3 Nd4 0-1

[Event "Accession A 2012/2013"]
[Site "Vitrolles"]
[Date "2013.03.23"]
[Round "9"]
[White "Vallette, Patrick"]
[Black "Bertrand, Alexandre"]
[Result "1/2-1/2"]
[WhiteElo "1780"]
[BlackElo "1753"]
[PlyCount "54"]

1. e4 e5 2. Nf3 Nc6 3. c3 Nf6 4. d4 Nxe4 5. d5 Ne7 6. Nxe5 Ng6 7. Qd4 Qf6 8.
Qxe4 Qxe5 9. Bd3 Qxe4+ 10. Bxe4 Be7 11. O-O O-O 12. Bxg6 fxg6 13. c4 d6 14. Nc3
a6 15. Be3 Bf5 16. Rfd1 Bf6 17. Bd4 Rfe8 18. Bxf6 gxf6 19. Re1 Kf7 20. b3 Rxe1+
21. Rxe1 Re8 22. Rxe8 Kxe8 23. Kf1 c6 24. Ke2 Ke7 25. Ke3 g5 26. b4 Bd7 27. Kd4
f5 1/2-1/2